Volný čas dětí a mládeže střední a východní Evropy

Bibliographic Details
Main Author: Hofbauer, Břetislav, 1925-2007 (Author)
Format: Article
Language:Czech
Subjects:

MARC

LEADER 00000nab a2200000 a 4500
001 vtls001501398
003 SK-MaSNL
005 20260426101637.0
008 140716s1997 xo 000 0 cze
035 |a SPKCL4082 
040 |a SPKCL  |b slo  |c SNKBUCL  |d ÚIP-SPK(BH)  |e AACR2 
041 |a cze 
044 |a xo  |c SK 
080 |a 379.8:374.3(4)  |2 1981 
100 1 |a Hofbauer, Břetislav,  |d 1925-2007  |4 aut  |9 216269 
245 1 0 |a Volný čas dětí a mládeže střední a východní Evropy  |c Břetislav Hofbauer 
650 0 7 |a voľný čas  |2 snkbucl  |9 3355 
650 0 7 |a deti  |2 snkbucl  |9 773 
650 0 7 |a mládež  |2 snkbucl  |9 1575 
651 7 |a Európa stredná  |2 snkbucl  |9 23970 
651 7 |a Európa východná  |2 snkbucl  |9 167635 
773 1 |t Vychovávateľ  |g Roč. 41, č. 7 (1997) s. 2-4 
850 |a Slovenská pedagogická knižnica Bratislava 
852 |a SPKCL  |b KIS3GCP  |b 000710000  |n SK 
999 |c 3235313  |d 3237243